[Event "American Continental 13th"]
[Site "Medellin"]
[Date "2017.06.14"]
[Round "7"]
[White "Mateus Urbano, Luis Alejandro"]
[Black "Lotero, Faiber"]
[Result "1/2-1/2"]
[WhiteElo "2255"]
[BlackElo "2092"]
[PlyCount "59"]
[EventDate "2017.06.10"]
[EventType "swiss"]
[EventRounds "11"]
[EventCountry "COL"]
[SourceTitle "CBM 178 Extra"]
[Source "ChessBase"]
[SourceDate "2017.06.22"]
[SourceVersion "1"]
[SourceVersionDate "2017.06.22"]
[SourceQuality "1"]

1. d4 d5 2. Nf3 Nc6 3. Bf4 Nf6 4. e3 Nh5 5. Bg5 Qd6 6. c3 g6 7. Nbd2 Bg7 8. Be2 e5 9. dxe5 Nxe5 10. Bh4 Bf6 11. Nxe5 Qxe5 12. Bxh5 Bxh4 13. Qa4+ Bd7 14. Qxh4 Qxh5 15. Qxh5 gxh5 16. Nf3 0-0-0 17. Ne5 Be8 18. Nd3 Rg8 19. Nf4 f6 20. Rd1 Bf7 21. a3 h4 22. f3 Rg5 23. Kf2 c5 24. Rd2 Rdg8 25. Re1 b6 26. e4 dxe4 27. Rxe4 Rd8 28. Rde2 Rd7 29. Ne6 Rg8 30. Nf4 1/2-1/2

[Event "American Continental 13th"]
[Site "Medellin"]
[Date "2017.06.13"]
[Round "6"]
[White "Lotero, Faiber"]
[Black "Markzon, Gregory"]
[Result "1/2-1/2"]
[WhiteElo "2092"]
[BlackElo "2222"]
[PlyCount "110"]
[EventDate "2017.06.10"]
[EventType "swiss"]
[EventRounds "11"]
[EventCountry "COL"]
[SourceTitle "CBM 178 Extra"]
[Source "ChessBase"]
[SourceDate "2017.06.22"]
[SourceVersion "1"]
[SourceVersionDate "2017.06.22"]
[SourceQuality "1"]

1. e4 c5 2. Nf3 d6 3. d4 cxd4 4. Nxd4 Nf6 5. Nc3 a6 6. Bc4 e6 7. Bb3 Be7 8. 0-0 0-0 9. f4 Nc6 10. Kh1 Nxd4 11. Qxd4 Nd7 12. Be3 Nc5 13. Rad1 Qc7 14. e5 Rd8 15. exd6 Bxd6 16. Ne4 Nxe4 17. Qxe4 Bd7 18. Qf3 Bc6 19. Qf2 Qe7 20. Bb6 Bc7 21. Bd4 Rd7 22. Qg3 g6 23. c3 Bd5 24. Bc2 f5 25. Rde1 Rf8 26. b3 b5 27. Qe3 Qh4 28. Qf2 Qxf2 29. Rxf2 Kf7 30. Kg1 h6 31. Bd1 g5 32. Bh5+ Ke7 33. fxg5 hxg5 34. Bf3 Bxf3 35. Rxf3 Kf7 36. Rh3 e5 37. Rh7+ Ke6 38. Rxd7 Kxd7 39. Bxe5 Bxe5 40. Rxe5 Kd6 41. Re3 f4 42. Rd3+ Ke5 43. Kf2 g4 44. h3 Rg8 45. hxg4 Rxg4 46. Rh3 Ke4 47. Rh6 Rg3 48. Re6+ Kd5 49. Rxa6 Rxc3 50. Rb6 Ke4 51. Rxb5 Rc2+ 52. Kg1 Rxa2 53. Rc5 Rb2 54. Rc3 Kf5 55. Kh2 Kg4 1/2-1/2

[Event "American Continental 13th"]
[Site "Medellin"]
[Date "2017.06.12"]
[Round "4"]
[White "Lotero, Faiber"]
[Black "Blandon, Luis Guillermo"]
[Result "1/2-1/2"]
[WhiteElo "2092"]
[BlackElo "2269"]
[PlyCount "31"]
[EventDate "2017.06.10"]
[EventType "swiss"]
[EventRounds "11"]
[EventCountry "COL"]
[SourceTitle "CBM 178 Extra"]
[Source "ChessBase"]
[SourceDate "2017.06.22"]
[SourceVersion "1"]
[SourceVersionDate "2017.06.22"]
[SourceQuality "1"]

1. e4 c5 2. Nf3 d6 3. d4 cxd4 4. Qxd4 a6 5. h3 Nc6 6. Qe3 g6 7. c4 Bg7 8. Be2 Nf6 9. Nc3 0-0 10. 0-0 Nd7 11. Rb1 e5 12. Nd5 Nc5 13. b4 Nxe4 14. Nb6 Nc3 15. Nxa8 Nxb1 16. Bb2 1/2-1/2

[Event "American Continental 13th"]
[Site "Medellin"]
[Date "2017.06.11"]
[Round "3"]
[White "Palencia Morales, Wilson Guillermo"]
[Black "Lotero, Faiber"]
[Result "1/2-1/2"]
[WhiteElo "2343"]
[BlackElo "2092"]
[PlyCount "46"]
[EventDate "2017.06.10"]
[EventType "swiss"]
[EventRounds "11"]
[EventCountry "COL"]
[SourceTitle "CBM 178 Extra"]
[Source "ChessBase"]
[SourceDate "2017.06.22"]
[SourceVersion "1"]
[SourceVersionDate "2017.06.22"]
[SourceQuality "1"]

1. d4 Nf6 2. Nc3 c5 3. d5 g6 4. e4 d6 5. Bb5+ Bd7 6. a4 Bxb5 7. axb5 a5 8. Nf3 Bg7 9. 0-0 Nbd7 10. Bf4 Nh5 11. Be3 0-0 12. Qc1 Re8 13. Bh6 Bh8 14. Nd2 Bxc3 15. bxc3 Ne5 16. h3 e6 17. Ra4 Qh4 18. Nc4 Nxc4 19. Rxc4 f6 20. Qd1 e5 21. Qg4 Qxg4 22. hxg4 Ng7 23. Ra4 b6 1/2-1/2

[Event "Medellin Aristizabal Cup"]
[Site "Medellin"]
[Date "2016.05.21"]
[Round "5"]
[White "Lotero, Faiber"]
[Black "Paniagua, Fabio de Jesus"]
[Result "1-0"]
[WhiteElo "2139"]
[BlackElo "1850"]
[PlyCount "101"]
[EventDate "2016.05.18"]
[EventType "swiss"]
[EventRounds "7"]
[EventCountry "COL"]
[SourceTitle "CBM 172 Extra"]
[Source "ChessBase"]
[SourceDate "2016.06.21"]
[SourceVersion "1"]
[SourceVersionDate "2016.06.21"]
[SourceQuality "1"]

1. e4 e5 2. Nf3 Nc6 3. Nc3 Nf6 4. Nxe5 Nxe5 5. d4 Ng6 6. e5 Ng8 7. Bc4 Bb4 8. Qf3 Bxc3+ 9. bxc3 Qe7 10. 0-0 Nh6 11. a4 0-0 12. Ba3 d6 13. h3 Be6 14. Bd3 Rfb8 15. Rfe1 Qd8 16. exd6 cxd6 17. d5 Nh4 18. Qf4 Bxd5 19. Bf1 Ng6 20. Qd2 Be6 21. c4 d5 22. c5 Qc7 23. g3 b6 24. cxb6 axb6 25. Bb2 Rc8 26. c4 Qd6 27. h4 f6 28. Bg2 Rd8 29. cxd5 Bf7 30. Ba3 Qd7 31. f4 Qg4 32. Kh2 Nf5 33. Qf2 Nf8 34. Bf3 Qg6 35. g4 Nh6 36. g5 fxg5 37. fxg5 Nf5 38. Be4 Rxa4 39. Qxf5 Qxf5 40. Bxf5 Rxh4+ 41. Kg3 Rd4 42. d6 g6 43. Bg4 Nd7 44. Re7 Nc5 45. Bxc5 bxc5 46. Raa7 Bc4 47. d7 Rd3+ 48. Kh4 Bf7 49. Rc7 Kf8 50. Re5 c4 51. Rc8 1-0

[Event "Bogota Navidad op"]
[Site "Bogota"]
[Date "2014.12.05"]
[Round "3"]
[White "Lotero, Faiber"]
[Black "Chegwing, Alberto"]
[Result "0-1"]
[WhiteElo "2165"]
[BlackElo "2061"]
[PlyCount "112"]
[EventDate "2014.12.04"]
[EventType "swiss"]
[EventRounds "9"]
[EventCountry "COL"]
[SourceTitle "CBM 163 Extra"]
[Source "ChessBase"]
[SourceDate "2014.12.23"]
[SourceVersion "1"]
[SourceVersionDate "2014.12.23"]
[SourceQuality "1"]

1. e4 c6 2. d4 d5 3. Nc3 dxe4 4. Nxe4 Nf6 5. Ng5 Bf5 6. Bd3 e6 7. Ne2 Bd6 8. 0-0 Bxd3 9. Qxd3 Nbd7 10. f4 0-0 11. Rf3 e5 12. fxe5 Bxe5 13. Rh3 h6 14. dxe5 Nxe5 15. Qxd8 Raxd8 16. Bf4 Ng6 17. Be3 hxg5 18. Bxg5 Rde8 19. Nd4 Ne4 20. Be3 Rd8 21. Rf1 Rfe8 22. Nf5 c5 23. Bc1 b6 24. Re3 Nf6 25. Rxe8+ Rxe8 26. Ng3 Kf8 27. Rd1 Re5 28. b3 Rd5 29. Rxd5 Nxd5 30. c4 Nb4 31. a3 Nc2 32. Nf5 Ne7 33. Nxe7 Kxe7 34. Bb2 Ke6 35. Kf2 Kf5 36. Bxg7 Nxa3 37. Ke3 Nc2+ 38. Kf3 f6 39. g4+ Kg6 40. Bf8 Nd4+ 41. Ke4 Nxb3 42. h4 Nd2+ 43. Kd5 a5 44. h5+ Kf7 45. Bh6 Nb3 46. g5 fxg5 47. Bxg5 a4 48. h6 Kg6 49. h7 Kxh7 50. Bf6 a3 51. Bc3 Na5 52. Kd6 Kg6 53. Kc7 Nxc4 54. Kc6 Ne3 55. Bh8 Kf5 56. Kxb6 Nd5+ 0-1

[Event "Mosquera op"]
[Site "Mosquera"]
[Date "2014.11.02"]
[Round "6"]
[White "Lotero, Faiber"]
[Black "Torres Cueto, Jesus Marcial"]
[Result "1-0"]
[WhiteElo "2172"]
[BlackElo "1841"]
[PlyCount "43"]
[EventDate "2014.10.30"]
[EventType "swiss"]
[EventRounds "9"]
[EventCountry "COL"]
[SourceTitle "EXT 2015"]
[Source "ChessBase"]
[SourceDate "2014.11.20"]
[SourceVersion "1"]
[SourceVersionDate "2014.11.20"]
[SourceQuality "1"]

1. d4 Nf6 2. Nd2 d5 3. e3 g6 4. f4 Bg7 5. Bd3 0-0 6. Ngf3 c5 7. c3 b6 8. 0-0 Ba6 9. Bxa6 Nxa6 10. Ne5 e6 11. g4 Ne4 12. Nxe4 dxe4 13. Qe2 Nc7 14. b3 Nd5 15. Bb2 Rc8 16. c4 Nb4 17. a3 Na6 18. g5 cxd4 19. Bxd4 Nc5 20. Bxc5 Rxc5 21. Rad1 Qe7 22. Nd7 1-0

[Event "Mosquera op"]
[Site "Mosquera"]
[Date "2014.11.01"]
[Round "5"]
[White "Corredor Rengifo, Luis Fernando"]
[Black "Lotero, Faiber"]
[Result "1-0"]
[WhiteElo "2022"]
[BlackElo "2172"]
[PlyCount "51"]
[EventDate "2014.10.30"]
[EventType "swiss"]
[EventRounds "9"]
[EventCountry "COL"]
[SourceTitle "EXT 2015"]
[Source "ChessBase"]
[SourceDate "2014.11.20"]
[SourceVersion "1"]
[SourceVersionDate "2014.11.20"]
[SourceQuality "1"]

1. d4 d5 2. c4 c6 3. Nc3 Nf6 4. Nf3 e6 5. Bg5 dxc4 6. e4 b5 7. e5 h6 8. Bh4 g5 9. Nxg5 hxg5 10. Bxg5 Nbd7 11. g3 Rg8 12. h4 Rxg5 13. hxg5 Nd5 14. g6 fxg6 15. Qg4 Qe7 16. Qxg6+ Qf7 17. Qg4 N7b6 18. Bg2 Bd7 19. Be4 Qe7 20. a3 Qg7 21. Bg6+ Kd8 22. Rh7 Qg8 23. Qh5 Nf4 24. gxf4 Be8 25. Qg5+ Kc8 26. Be4 1-0

[Event "Medellin Flores op 20th"]
[Site "Medellin"]
[Date "2014.08.10"]
[Round "8"]
[White "Alvarez, Dager"]
[Black "Lotero, Faiber"]
[Result "0-1"]
[WhiteElo "2138"]
[BlackElo "2168"]
[PlyCount "66"]
[EventDate "2014.08.06"]
[EventType "swiss"]
[EventRounds "9"]
[EventCountry "COL"]
[SourceTitle "CBM 162 Extra"]
[Source "ChessBase"]
[SourceDate "2014.10.17"]
[SourceVersion "1"]
[SourceVersionDate "2014.10.17"]
[SourceQuality "1"]

1. e4 e6 2. d4 d5 3. Nc3 Nf6 4. Bg5 dxe4 5. Nxe4 Nbd7 6. Bd3 h6 7. Bh4 c5 8. Nxf6+ gxf6 9. Nf3 Qb6 10. 0-0 cxd4 11. Re1 Rg8 12. Qe2 Be7 13. Qe4 f5 14. Qf4 Bxh4 15. Nxh4 Kd8 16. Qxh6 Qc5 17. Nf3 b6 18. Qh4+ Kc7 19. Qxd4 Bb7 20. Qxc5+ Nxc5 21. Nh4 Rg4 22. g3 Nxd3 23. cxd3 Rd4 24. Rac1+ Kd6 25. Red1 Rxh4 26. gxh4 Bf3 27. Kf1 Rh8 28. d4 Bxd1 29. Rxd1 Rxh4 30. Kg2 Kd5 31. Kg3 Rg4+ 32. Kf3 Rh4 33. Kg3 Rg4+ 0-1

[Event "COL-ch sf"]
[Site "Medellin"]
[Date "2014.??.??"]
[Round "10"]
[White "Manrique, Fernando"]
[Black "Lotero, Faiber"]
[Result "0-1"]
[WhiteElo "2034"]
[BlackElo "2162"]
[PlyCount "40"]
[EventDate "2014.04.15"]
[EventType "swiss"]
[EventRounds "11"]
[EventCountry "COL"]
[SourceTitle "CBM 160 Extra"]
[Source "ChessBase"]
[SourceDate "2014.07.01"]
[SourceVersion "1"]
[SourceVersionDate "2014.07.01"]
[SourceQuality "1"]

1. e4 d5 2. exd5 Qxd5 3. Nc3 Qa5 4. d4 Nf6 5. Nf3 Nc6 6. Bc4 Bg4 7. 0-0 0-0-0 8. d5 Nb4 9. Bd2 Qc5 10. Qe2 Bxf3 11. gxf3 Nbxd5 12. Ne4 Qc6 13. Ng5 Qe8 14. a4 h6 15. Ne4 g5 16. a5 Nxe4 17. Qxe4 e6 18. Qd4 Bd6 19. Qxa7 Qc6 20. Bd3 Bc5 0-1

[Event "COL-ch"]
[Site "Ibague"]
[Date "2013.07.01"]
[Round "1"]
[White "Lotero, Faiber"]
[Black "Valderrama Quiceno, Esteban Alberto"]
[Result "1-0"]
[WhiteElo "2177"]
[BlackElo "1939"]
[PlyCount "89"]
[EventDate "2013.07.01"]
[EventType "swiss"]
[EventRounds "11"]
[EventCountry "COL"]
[SourceTitle "EXT 2014"]
[Source "ChessBase"]
[SourceDate "2013.11.20"]
[SourceVersion "1"]
[SourceVersionDate "2013.11.20"]
[SourceQuality "1"]

1. e4 d6 2. d4 g6 3. c4 Bg7 4. Nc3 Nf6 5. f3 0-0 6. Be3 Nc6 7. Qd2 e5 8. Nge2 exd4 9. Nxd4 Nxd4 10. Bxd4 Be6 11. Be2 c6 12. 0-0 Qa5 13. Rad1 Rfd8 14. Kh1 Ne8 15. f4 f5 16. exf5 gxf5 17. Rf3 Qc7 18. Rg3 Qf7 19. Re1 Nf6 20. Qd1 Kh8 21. b3 c5 22. Bxf6 Qxf6 23. Nd5 Bxd5 24. Qxd5 Re8 25. Qxb7 Rab8 26. Qc7 Qb2 27. Bf1 Bd4 28. Rh3 Bg7 29. Rhe3 Rf8 30. Re7 Rbc8 31. Qxd6 a5 32. Qd5 Qf2 33. Qb7 Rb8 34. Qc7 Rbc8 35. Qxa5 Bd4 36. Bd3 Rg8 37. R7e2 Qxf4 38. Qa7 Rc6 39. h3 Rh6 40. Qb7 Qg4 41. Qd5 Rxh3+ 42. gxh3 Qxh3+ 43. Rh2 Qg3 44. Rxh7+ Kxh7 45. Qxf5+ 1-0

[Event "Medellin Semana Santa op"]
[Site "Medellin"]
[Date "2013.03.30"]
[Round "5"]
[White "Soto, Christian Camilo"]
[Black "Lotero, Faiber"]
[Result "1/2-1/2"]
[WhiteElo "2081"]
[BlackElo "2177"]
[PlyCount "120"]
[EventDate "2013.03.27"]
[EventType "swiss"]
[EventRounds "7"]
[EventCountry "COL"]
[SourceTitle "CBM 153 Extra"]
[Source "ChessBase"]
[SourceDate "2013.04.22"]
[SourceVersion "1"]
[SourceVersionDate "2013.04.22"]
[SourceQuality "1"]

1. Nf3 d6 2. d4 g6 3. g3 Bg7 4. Bg2 Nf6 5. 0-0 0-0 6. h3 Nbd7 7. Re1 e5 8. dxe5 dxe5 9. e4 Nc5 10. Qxd8 Rxd8 11. Nc3 Ne6 12. Be3 Nd4 13. Bxd4 exd4 14. Nd5 Nxd5 15. exd5 Bf5 16. Rac1 Rxd5 17. Nh4 Rc5 18. Nxf5 gxf5 19. b4 Rb5 20. Re7 c6 21. a3 Bf6 22. Rd7 a5 23. Bf1 Rb6 24. Bc4 Kg7 25. Rxf7+ Kg6 26. bxa5 Rxa5 27. h4 h5 28. Re1 Rc5 29. Be6 Rxc2 30. Rd7 Rc5 31. Bf7+ Kg7 32. Re6 Rd5 33. Rc7 Bd8 34. Rg6+ Kh7 35. Rc8 Rd7 36. Be8 Re7 37. Rxd8 Rxe8 38. Rdd6 Rb1+ 39. Kg2 Rbe1 40. Rg5 R1e6 41. Rxh5+ Kg6 42. Rg5+ Kf6 43. Rxd4 c5 44. Rf4 Re5 45. g4 Rc8 46. gxf5 Kf7 47. f6 Rxg5+ 48. hxg5 Rc6 49. Rc4 b5 50. Rc3 c4 51. f4 Kg6 52. Kf3 Kf5 53. f7 Rc8 54. f8Q+ Rxf8 55. a4 bxa4 56. Rxc4 Ra8 57. Rc5+ Kg6 58. Kg4 a3 59. f5+ Kg7 60. Rc7+ Kg8 1/2-1/2

[Event "Medellin Semana Santa op"]
[Site "Medellin"]
[Date "2013.03.28"]
[Round "3"]
[White "Martinez, Mauricio"]
[Black "Lotero, Faiber"]
[Result "1/2-1/2"]
[WhiteElo "2002"]
[BlackElo "2177"]
[PlyCount "91"]
[EventDate "2013.03.27"]
[EventType "swiss"]
[EventRounds "7"]
[EventCountry "COL"]
[SourceTitle "CBM 153 Extra"]
[Source "ChessBase"]
[SourceDate "2013.04.22"]
[SourceVersion "1"]
[SourceVersionDate "2013.04.22"]
[SourceQuality "1"]

1. d4 d5 2. Nf3 Nf6 3. c3 e6 4. Nbd2 Be7 5. g3 0-0 6. Bg2 Nbd7 7. 0-0 c5 8. b3 b5 9. dxc5 Nxc5 10. Nd4 Qb6 11. Ba3 Bb7 12. e3 a5 13. c4 dxc4 14. Bxb7 Qxb7 15. Bxc5 Bxc5 16. bxc4 Bxd4 17. exd4 bxc4 18. Nxc4 Rfd8 19. Qb3 Qe4 20. Rad1 a4 21. Qe3 Qc2 22. Qd3 Qxa2 23. Ra1 Qb3 24. Qxb3 axb3 25. Rxa8 Rxa8 26. Rb1 Rb8 27. Na5 b2 28. Nc4 Ne4 29. Rxb2 Rxb2 30. Nxb2 Nc3 31. f4 Ne2+ 32. Kf2 Nxd4 33. Nd3 f6 34. Ke3 Nf5+ 35. Ke4 Kf7 36. Nc5 h5 37. Kf3 Ke7 38. g4 hxg4+ 39. Kxg4 Kd6 40. Nb7+ Kd5 41. Nd8 g6 42. h4 Ne3+ 43. Kf3 Nc4 44. Nf7 e5 45. Nh8 exf4 46. Nxg6 1/2-1/2

[Event "COL-ch Antioquia Profesionals"]
[Site "Antioquia"]
[Date "2012.??.??"]
[Round "6.2"]
[White "Lotero, Faiber"]
[Black "Garces Trujillo, Luis Javier"]
[Result "1-0"]
[WhiteElo "2177"]
[BlackElo "2010"]
[PlyCount "31"]
[EventDate "2012.09.11"]
[EventType "tourn"]
[EventRounds "7"]
[EventCountry "COL"]
[SourceTitle "EXT 2024"]
[Source "ChessBase"]
[SourceDate "2023.10.10"]
[SourceVersion "1"]
[SourceVersionDate "2023.10.10"]
[SourceQuality "1"]

1. e4 c5 2. d4 cxd4 3. c3 dxc3 4. Nxc3 d6 5. Bc4 e6 6. Nf3 Be7 7. Qe2 Nf6 8. 0-0 a6 9. Rd1 b5 10. Bb3 Qb6 11. Be3 Qb7 12. Bf4 0-0 13. Bxd6 Bxd6 14. Rxd6 b4 15. Na4 Nxe4 16. Rb6 1-0

[Event "COL-ch Antioquia Profesionals"]
[Site "Antioquia"]
[Date "2012.??.??"]
[Round "4.1"]
[White "Ossa, Vladimir"]
[Black "Lotero, Faiber"]
[Result "1/2-1/2"]
[WhiteElo "1963"]
[BlackElo "2177"]
[PlyCount "26"]
[EventDate "2012.09.11"]
[EventType "tourn"]
[EventRounds "7"]
[EventCountry "COL"]
[SourceTitle "EXT 2024"]
[Source "ChessBase"]
[SourceDate "2023.10.10"]
[SourceVersion "1"]
[SourceVersionDate "2023.10.10"]
[SourceQuality "1"]

1. Nf3 Nc6 2. d4 d5 3. Bf4 Nf6 4. e3 Bg4 5. Be2 e6 6. Nbd2 Bd6 7. Bxd6 Qxd6 8. 0-0 0-0 9. c4 e5 10. dxe5 Nxe5 11. Nxe5 Bxe2 12. Nxf7 Bxd1 13. Nxd6 Bg4 1/2-1/2